000 00351nam a2200157Ia 4500
008 230605s2003 xx 000 0 und d
041 _aeng
100 _aHaynes
245 _aStepping up to superviser
260 _bViva books Mumbai
_c2003
_c2003
300 _a178
365 _b108
_h20
500 _a259
520 _aGeneral
650 _aHos.
999 _c417879
_d417879